Score 0/11 Timer 01:00
4 Plays Today
Hint 3-Letter Words % Correct
A place for sheets and pillowsBED
91.8%
Action undertaken at an auctionBID
89.8%
Grain often used for flour in whiskeyRYE
88.9%
UK term for a trash can BIN
88%
Gave sustenance to a babyFED
87.7%
A coloring matter DYE
85.8%
Close relatives or siblingsKIN
84.3%
A payment issued to a third-party in a sales transactionFEE
78.4%
American rapper Kool Moe or actress Ruby, e.g.DEE
75.8%
Red-clad fighter in 'Street Fighter' series who mirrors [first rung]'s fighting styleKEN
55.5%
White-clad fighter in 'Street Fighter' series who mirrors [last rung]'s fighting styleRYU
49.5%

Today's Daily Dose

Missing Word
Marvin Gaye Songs

Quick Pick
Movies of 2019

Get the Picture
Chinese Cities

You're not logged in!

Compare scores with friends on all Sporcle quizzes.
OR
Log In

Sporcle TV

Today on Sporcle TV


Watch our educational content, quiz creation guides, and fun videos on Sporcle TV.

Show Comments

Extras

Top Quizzes Today


Score Distribution

Your Account Isn't Verified!

In order to create a playlist on Sporcle, you need to verify the email address you used during registration. Go to your Sporcle Settings to finish the process.

Report this User

Report this user for behavior that violates our Community Guidelines.

Details: